| 000 | 04915nam a22003377a 4500 | ||
|---|---|---|---|
| 001 | TIGAL 0010 | ||
| 003 | gtcocun | ||
| 005 | 20250923164245.0 | ||
| 006 | a||||gr|||| 00| 0 | ||
| 007 | ta | ||
| 008 | 250923b2018 gt ||||| m||| 00| 0 eng d | ||
| 040 |
_agtcocun _bSPA _cgtcocun _eRDA |
||
| 041 | _aSPA TIGAL 0010 | ||
| 084 | _0TIGAL 0010 | ||
| 100 |
_aMendoza Santa María, Madelyn Suzette _eAutor |
||
| 245 |
_aINFORME FINAL DEL EJERCICIO PROFESIONAL SUPERVISADO, REALIZADO EN LA MUNICIPALIDAD DE SAN PEDRO CARCHÁ Y ALDEA COJAJ, CARCHÁ, ALTA VERAPAZ/ _cMadelyn Suzette Mendoza Santa María. _hImpreso |
||
| 264 |
_aCobán, Alta Verapaz: _bUniversidad de San Carlos de Guatemala, Centro Universitario del Norte, Carrera de Ingeniería en Gestión Ambiental Local _c2018 |
||
| 300 |
_a183 p.: _bIlustraciones, gráficas. _c28 cm; |
||
| 300 | _cPDF | ||
| 336 |
_2rdacontenido _aTexto _btxt |
||
| 337 |
_2rdamedio _aComputadora _bn |
||
| 338 |
_2rdasoporte _aCódigo en línea _bcr |
||
| 502 | _eTIGAL 0010 | ||
| 502 |
_aTesis de grado _bCarrera de Ingeniería en Gestión Ambiental Local, _cUniversidad de San Carlos de Guatemala, Centro Universitario del Norte, Carrera de Ingeniería en Gestión Ambiental Local _d2018 _oTIGAL 0010 |
||
| 520 | 1 | 4 | _aPara el Ejercicio Profesional Supervisado EPS de la carrera de Ingeniería en Gestión Ambiental Local del Centro Universitario del Norte; Cobán, Alta Verapaz. Se tuvo como sede la municipalidad de San Pedro Carchá y el trabajo comunitario en la aldea Cojaj, donde se desarrollaron diversas actividades que permitieron la extensión de conocimientos en cada uno de los ámbitos sociales y ambientales. El espacio brindado por la institución para tener la interacción participativa de epesista y encargados fue la Dirección Municipal de Planificación, dentro de ella se encuentra la Unidad de Gestión Ambiental Municipal que es la encargada de velar por la protección medioambiental del municipio, a través del desarrollo de un plan de educación ambiental y tomar las acciones pertinentes que se requieran para mitigar los impactos de la contaminación ambiental. La carrera de Ingeniería en Gestión Ambiental Local formó parte de la alianza del Programa de Ejercicio Profesional Supervisado Multidisciplinario por lo cual se integró un equipo completo de pre-profesionales con diferentes enfoques académicos. Como parte de la formación profesional que se adquirió a lo largo de los años en la carrera, se contribuyó empleando la investigación en áreas de mayor pobreza para mostrar la realidad de la vida social, ambiental, cultural y educativa. El presente informe final desglosa las fases de desarrolló del EPS, dando inicio con el diagnóstico llevado a cabo en la aldea Cojaj la cual requirió de un proceso continuo y de participación comunitaria para conocer la realidad ambiental que presentaba la aldea y también ampliar la información sobre aspectos socioeconómicos, educativos y de infraestructura. Derivado de esta primera etapa se generó una matriz de priorización de los problemas más relevantes y de importancia para la aldea y con base a ello se identificaron las acciones que estaban al alcance del pre-profesional y los recursos con los que se contaba para poder realizar actividades como: un plan de charlas educativas ambientales, la elaboración de abono orgánico, jornadas de recolección de desechos sólidos, recuperación de nacimientos de agua etc. En la sede de práctica se dió apoyo institucional con la ejecución del plan de educación ambiental que se estaba implementando para centros educativos del área urbana del municipio brindando charlas y talleres a directores, docentes y alumnos de cada centro; de la misma manera se llevaron a cabo actividades extraescolares como la feria del reciclaje que consistió en realizar y mostrar a la población las ideas innovadoras para reutilizar los plásticos, latas, llantas y entre otras. La categorización del botadero municipal de San Pedro Carchá, ubicado a orilla de la ruta departamental RD AV-1, utilizó como referencia la Guía Técnica para la Clausura y Conversión de Botadero de Residuos Sólidos. A través de ella se categorizó de alto riesgo el botadero a cielo abierto, generando contaminación ambiental, lixiviados que ponen en riesgo los mantos acuíferos y la proliferación de vectores que afectan la salud humana. |
| 650 | 1 | 4 |
_2LEMB _aCarchá, Alta Verapaz _xIngeniería en Gestión Ambiental Local _xMunicipalidad _xTrabajo comunitario _xEducación ambiental _xContaminación ambiental _xInforme final |
| 700 |
_aIng. Julio Oswaldo Méndez Morales _eAsesor |
||
| 856 |
_uhttps://drive.google.com/file/d/12PBAUNu4yo5ZUi-sxDz5qZHF9KfqghzI/view _yPDF _zUn ejemplar en línea. |
||
| 942 |
_2ddc _cTES _iTIGAL 0010 _kClasificación _n0 _6TIGAL_0010_000000000000000 |
||
| 999 |
_c2078 _d2078 |
||